000 00506nam a2200217Ia 4500
001 14365
003 GE_BSU
008 181216s||||||||xx |||||||||||||| ||und||
020 _a9780099505624
040 _cGE_BSU
080 _a615.8
100 _aDutton,Kevin
245 _aFlipnosis. The art of Split-Second Persuasion
260 _aLondon
260 _bArrow books
260 _c2010
300 _a392p.20cm.
653 _aFlipnosis
653 _aThe art of Split-Second Persuasion
942 _cBK
999 _c47501
_d47501